000 00629nam a2200229Ia 4500
003 OSt
005 20220918215810.0
006 a|||||r|||| 00| 0
007 ta
008 220917b |||||||| |||| 00| 0 eng d
024 _a142,715
037 _cTextual
040 _aARTS
_cARTS
_beng
041 _2eng
_aeng
082 _aY1:49Y1:6, H8
100 _aLewin Kurt
245 0 _aResolving social conflicts
_b Selected papers on group dynamics ed by Gertrud Weiss Lewin
260 _aNA
_bNA
_c1948
650 _aSOCIOLOGY
942 _hY1:49Y1:6, H8
_cTEXL
_2CC
999 _c265673
_d265673